000 01867nam a22003374i 4500
999 _c64439
_d64439
001 34298923
003 OCoLC
005 20180830120028.0
008 960301s1985 txu b 000 0 eng d
020 _a0849901634
020 _a9780849901638
040 _aNA5
_beng
_dOCL
_dBAKER
_dOCLCQ
_dOCLCO
_dOCLCA
_dOCLCF
_cCO-MdFUSB
_erda
041 _aeng
082 _223
_a227.8707
_bEV92
100 1 _aEvans, Louis H.
_eautor
245 1 4 _aThe communicator's commentary
_p: Hebrews
_c/ Louis H. Evans, Jr
264 1 _aWaco, Texas UAS :
_bWord Books,
_c℗[1985]
264 5 _c©1985.
300 _a259 páginas ;
_c24 cm.
336 _btxt
_2rdacontent.
_atexto
337 _bn
_2rdamedia.
_asin mediación
338 _bnc
_2rdacarrier.
_avolumen
490 1 _aThe Communicator's commentary series
505 _aDios nos ha hablado a través de su Hijo (1:1-2a) -- La naturaleza de Cristo, El Hijo-Mesías (1:2-14) -- La primera exhortación: "¡Mantener su confesión!" (2:1-4) -- Debe ser un sacerdote para el pueblo (2:5-18) -- Debe ser un sacerdote fiel (3:1-6) -- Una segunda exhortacón: "Confianza y Obediencia" (3:7-4:16) -- Un sacerdote debe ser nombrado por Dios (5:1-10; 7:1-25) -- Un sacerdote debe ser puro (7:26-28) -- Una tercera exhortación "Ir a la madurez" (5:11-6:20) -- La superioridad del ministerio de Cristo (8:1-13) -- La superioridad del nuevo pacto (9:1-28) -- El perfecto sacrificio de Cristo (10:1-18) -- Una exhortación a la audacia (10:19-39) -- El carácter de la fe: enseñanzas básicas para perseverar (11:1-40) -- Una exhortación a la perseverancia (12:1-29) -- Una ráfaga de exhortación comunitaria (13:1-25).
563 _aTapa dura
630 0 7 _aBiblia.
_pHebreos
700 _aOgilvie, Lloyd J.
_eeditor general
830 _aThe Communicator's commentary series
_vNo.10
942 _cBK